| 000 | 00644cam a22002531 4500 | ||
|---|---|---|---|
| 001 | sa 66006977 | ||
| 003 | DLC | ||
| 005 | 20260227112300.0 | ||
| 008 | 891003s1966 pk 000 0 urdr | ||
| 010 | _asa 66006977 | ||
| 035 | _a(OCoLC)20432939 | ||
| 040 |
_aDLC _cWaU _dDLC |
||
| 042 | _apremarc | ||
| 043 | _aa-pk--- | ||
| 050 | 0 | 0 |
_aPK2170 _b.S3 |
| 100 | 1 |
_aSarvarī, ʻAbdulqādir, _d1906-1971. |
|
| 245 | 1 | 0 | _aUrdū mas̲navī kā irtiqā. |
| 260 | _c[1966] | ||
| 300 |
_a168 p. _c19 cm. |
||
| 500 | _aIn Urdu. | ||
| 650 | 0 |
_aUrdu poetry _xHistory and criticism. |
|
| 650 | 0 | _aLove poetry. | |
| 740 | 0 | _aMas̲navī kā irtiqā. | |
| 999 |
_c70844 _d70844 |
||